000
00272nam a2200121Ia 4500
100
_a
#N/A
650
_a
Computer/ IT
942
_c
BK
654
_a
manufactures
245
_a
Indian Manufactures Directory 2007 Serial No : CUST 21758
260
_b
#N/A
546
_a
ENGLISH
999
_c
26567
_d
26567